000 00716nam a2200217Ia 4500
001 15563
003 GE_BSU
008 181216s||||||||xx |||||||||||||| ||und||
040 _cGE_BSU
100 _aძნელაძე, ვახტანგ
245 _aმხოლოდ შენ ერთს
245 _bლექსები
245 _cრედ.ჯ.ნიქაბაძე. მხატვ.შ.კუპრაშვილი
260 _aთბილისი
260 _bსაბჭ. საქართველო
260 _c1968
300 _a74გვ. ფოტო. 16სმ
653 _aლექსები
653 _aმხოლოდ შენ ერთს
942 _cBK
999 _c48663
_d48663